Administración de pequeñas empresas
| Main Author: | |
|---|---|
| Format: | Section = Libro |
| Language: | Undetermined Spanish |
| Published: |
México
McGraw-Hill
2010
|
| Edition: | 3e Ed |
| Subjects: |
| LEADER | 00756nam a2200289Ia 4500 | ||
|---|---|---|---|
| 008 | 240830s9999 xx 000 0 und d | ||
| 020 | |a 978-607-15-0288-9 | ||
| 040 | |a B-ESTELÍ- RUACS / 658.1592 A637 | ||
| 041 | |a spa | ||
| 082 | |a 658.1592 A637 | ||
| 100 | 1 | |a Anzola Rojas, Servulo | |
| 245 | 1 | 0 | |a Administración de pequeñas empresas |
| 250 | |a 3e Ed | ||
| 260 | |a México |b McGraw-Hill |c 2010 | ||
| 300 | |a 347 p:il | ||
| 650 | 7 | |a ADMINISTRACION | |
| 650 | 7 | |b PLANEACION | |
| 650 | 7 | |c PLANEACION ESTRATEGIA | |
| 650 | 7 | |d ORGANIZACION | |
| 650 | 7 | |e DIRECCION | |
| 650 | 7 | |f CONTROL | |
| 650 | 7 | |g VENTAS Y MERCADOTECNIA | |
| 650 | 7 | |h RECURSOS HUMANOS | |
| 650 | 7 | |i MODELO INTEGRADOR. | |
| 942 | |c BK |2 ddc | ||
| 991 | |a TEXTO | ||
| 999 | |c 11454 | ||